| 000 | 00409 a2200157 4500 | ||
|---|---|---|---|
| 003 | Nust | ||
| 005 | 20230308100240.0 | ||
| 040 | _cNust | ||
| 082 | _a297.63,NAD | ||
| 100 |
_aAllama Syed Suleman Nadvi _9109980 |
||
| 245 |
_aSerat Ul Nabi (S.A.W) / _cAllama Syed Suleman Nadvi |
||
| 250 | _aEd. 6th | ||
| 260 |
_aIslamabad _bNational Book Foundation _c1991 |
||
| 300 | _a837p. | ||
| 942 |
_2ddc _cBK _k297.63,NAD |
||
| 999 |
_c189554 _d189554 |
||